000 00330nam a22001457a 4500
008 221216b ||||| |||| 00| 0 eng d
020 _a97880781727044
041 _aeng
080 _2THIRD EDITION
_a617
082 _a617STE
100 _a12
101 _aGENE
245 _aOB-GYN&GENETICS WORDS
_cSTEDMAN'S
942 _2udc
_cBK
999 _c59203
_d59203